| 000 | 00767nam a22002417a 4500 | ||
|---|---|---|---|
| 999 |
_c8349 _d8349 |
||
| 003 | AR-CdUCM | ||
| 008 | 190325b ||||| |||| 00| 0 spa d | ||
| 040 |
_aMUNICIPALIDAD PROVINCIAL DEL CUSCO _cBIBLIOTECA MUNICIPAL DEL CUSCO |
||
| 041 | _hrus | ||
| 082 |
_22ed. _a891.7 / _bSI56 |
||
| 100 |
_aSimonov, Konstantin Mikhailovich _923445 |
||
| 245 | _aDe los vivos y de los muertos / | ||
| 260 |
_aMoscu : _bProgreso, _c1978. |
||
| 300 |
_a555 paginas ; _bilustraciones, graficos, dibujos, _c21 cm. |
||
| 500 | _aBiblioteca obras selectas de la literatura soviƩtica | ||
| 505 | _aContenido: Novela | ||
| 650 |
_aNovela _9572 |
||
| 650 |
_aRusa _923446 |
||
| 650 |
_aSiglo XX _98 |
||
| 700 |
_aViento Molina, Jose _923447 |
||
| 942 |
_2ddc _cLIBROS |
||
| 945 | _apjha | ||